000 00546nam a2200205 a 4500
001 23599
003 CO-ViMGA
008 141112s2004 ck r 000 u spa d
020 _a9789500602532
040 _aCO-ViMGA
_bspa
_cCO-ViMGA
082 0 4 _a612 D867b
100 1 _aDvorkin, Mario
_934068
245 1 0 _aBases fisiologicas de la practica medica /
_cMario Dvorkin
260 _aArgentina :
_bPanAméricana
300 _a1164p.
650 1 4 _aFISIOLOGIA
_950416
650 1 4 _aFISIOPATOLOGIA
_948692
650 1 4 _aMEDICINA
942 _2ddc
_cBK
999 _c31717
_d31717